[Event "COL-ch Superate Intercol U14 Girls"]
[Site "Barranquilla"]
[Date "2018.11.19"]
[Round "1.1"]
[White "Gomez Vasquez, Laura Sofia"]
[Black "Martinez Suarez, Estefany Cristina"]
[Result "1-0"]
[WhiteElo "1709"]
[BlackElo "1452"]
[PlyCount "59"]
[EventDate "2018.11.19"]
[EventType "swiss"]
[EventRounds "7"]
[EventCountry "COL"]
[SourceTitle "EXT 2024"]
[Source "ChessBase"]
[SourceDate "2023.10.10"]
[SourceVersion "1"]
[SourceVersionDate "2023.10.10"]
[SourceQuality "1"]

1. e4 e5 2. Nf3 Nc6 3. Bb5 d6 4. d4 Bg4 5. d5 a6 6. Bxc6+ bxc6 7. dxc6 Nf6 8. Nc3 Be7 9. 0-0 0-0 10. Re1 Qe8 11. h3 Bxf3 12. Qxf3 Rd8 13. Bg5 h6 14. Bxf6 Bxf6 15. Nd5 Bg5 16. Qg4 Qe6 17. Qxe6 fxe6 18. Nxc7 Rf6 19. Nxa6 Bd2 20. Re2 Ba5 21. b4 Bb6 22. a4 d5 23. c7 Rc8 24. a5 Bd4 25. Rd1 dxe4 26. b5 Rcf8 27. Rdd2 e3 28. fxe3 Rf1+ 29. Kh2 Bc3 30. Rd8 1-0

[Event "COL-ch U16 sf1"]
[Site "Riohacha"]
[Date "2018.03.08"]
[Round "3.14"]
[White "Martinez Suarez, Estefany Cristina"]
[Black "Florez Hernandez, Bairon"]
[Result "0-1"]
[WhiteElo "1518"]
[BlackElo "1406"]
[PlyCount "58"]
[EventDate "2018.03.07"]
[EventType "swiss"]
[EventRounds "6"]
[EventCountry "COL"]
[SourceTitle "EXT 2024"]
[Source "ChessBase"]
[SourceDate "2023.10.10"]
[SourceVersion "1"]
[SourceVersionDate "2023.10.10"]
[SourceQuality "1"]

1. e4 e5 2. Nf3 Nc6 3. d3 Nf6 4. Nc3 d6 5. Be2 Bg4 6. 0-0 Qd7 7. Nd5 Be7 8. Nxf6+ Bxf6 9. Bg5 Bxf3 10. Bxf6 Bxe2 11. Qxe2 gxf6 12. Qf3 Qe6 13. Qf5 Qxf5 14. exf5 0-0-0 15. Rad1 Rhg8 16. c3 Ne7 17. d4 Nxf5 18. dxe5 fxe5 19. Rd3 Rg5 20. Rf3 Rdg8 21. g3 h5 22. c4 h4 23. a3 hxg3 24. fxg3 Nh6 25. Kh1 Rh8 26. h4 Rh5 27. Kg2 Ng4 28. Rf5 Rxf5 29. Rxf5 Ne3+ 0-1